Online
Catalog

Sexual unfolding : (Record no. 10897)

MARC details
000 -CABECERA
campo de control de longitud fija 00969cam a2200265 a 4500
001 - NÚMERO DE CONTROL
campo de control 000011172
005 - FECHA Y HORA DE LA ÚLTIMA TRANSACCIÓN
campo de control 20200929162358.0
008 - DATOS DE LONGITUD FIJA--INFORMACIÓN GENERAL
campo de control de longitud fija 800424s1979 mau b 001 0 eng d
020 ## - NÚMERO INTERNACIONAL ESTÁNDAR DEL LIBRO
Número Internacional Estándar del Libro 0316771007
040 ## - FUENTE DE LA CATALOGACIÓN
Centro catalogador/agencia de origen DO-SdBNP
Centro/agencia transcriptor DLC
Centro/agencia modificador DLC
-- BNPHU
043 ## - CÓDIGO DE ÁREA GEOGRÁFICA
Código de área geográfica n-us---
082 ## - NÚMERO DE LA CLASIFICACIÓN DECIMAL DEWEY
Número de clasificación 612.6
Número de documento/Ítem S247s
049 ## - FONDOS LOCALES (OCLC)
Fondos de biblioteca BNGR
100 1# - ENTRADA PRINCIPAL--NOMBRE DE PERSONA
Nombre de persona Sarrel, Lorna J.,
9 (RLIN) 26689
245 10 - MENCIÓN DE TÍTULO
Título Sexual unfolding :
Resto del título sexual development and sex therapies in late adolescence /
Mención de responsabilidad, etc. Lorna J. Sarrel, Philip M. Sarrel ; with a foreword by Ruth W. Lidz and Theodore Lidz.
260 ## - PUBLICACIÓN, DISTRIBUCIÓN, ETC.
Lugar de publicación, distribución, etc. Boston :
Nombre del editor, distribuidor, etc. Little, Brown and Company,
Fecha de publicación, distribución, etc. 1979.
300 ## - DESCRIPCIÓN FÍSICA
Extensión xv, 354 p. ;
Dimensiones 24 cm.
504 ## - NOTA DE BIBLIOGRAFÍA, ETC.
Nota de bibliografía, etc. Includes bibliographical references
500 ## - NOTA GENERAL
Nota general Includes index
650 #4 - PUNTO DE ACCESO ADICIONAL DE MATERIA--TÉRMINO DE MATERIA
Término de materia o nombre geográfico como elemento de entrada Ciclos biológicos
Subdivisión geográfica United States.
9 (RLIN) 26690
650 #4 - PUNTO DE ACCESO ADICIONAL DE MATERIA--TÉRMINO DE MATERIA
Término de materia o nombre geográfico como elemento de entrada Sexo
Subdivisión general En la adolescencia
Subdivisión geográfica Estados Unidos
9 (RLIN) 26691
650 #4 - PUNTO DE ACCESO ADICIONAL DE MATERIA--TÉRMINO DE MATERIA
Término de materia o nombre geográfico como elemento de entrada Terapia sexual
9 (RLIN) 26692
700 1# - PUNTO DE ACCESO ADICIONAL--NOMBRE DE PERSONA
Nombre de persona Sarrel, Philip M.,
Fechas asociadas al nombre 1937-
Término indicativo de función/relación joint author.
9 (RLIN) 26693
910 ## - DATOS DE OPCIÓN DEL USUARIO (OCLC)
Datos de opción del usuario Catalogación derivada
Holdings
Estado de retiro Estado de pérdida Restricciones de uso No para préstamo Código de colección Localización permanente Ubicación/localización actual Ubicación en estantería Fecha de adquisición Número de inventario Total de préstamos Signatura topográfica completa Código de barras Fecha visto por última vez Número de copia Precio válido a partir de Tipo de ítem Koha
    Préstamo restringido Préstamo restrigido Monografías: Libros y Folletos General General En catalogación 14.10.2009 LF1   612.6 S247s 11172-10 25.06.2020 e. 1 25.06.2020 Préstamo interno

Powered by Koha